Mother tongue interference in native BM speakers of English /
Saved in:
| Main Author: | |
|---|---|
| Format: | Thesis Book |
| Language: | English |
| Published: |
1989.
|
| Subjects: | |
| Tags: |
Add Tag
No Tags, Be the first to tag this record!
|
| LEADER | 01498cam a2200349 a 4500 | ||
|---|---|---|---|
| 001 | u126876 | ||
| 003 | SIRSI | ||
| 008 | 911205s1989 my at 00 1 eng m | ||
| 035 | |a AAO-1821 | ||
| 040 | |a UMB | ||
| 040 | |a UMM | ||
| 043 | |a a-my--- | ||
| 090 | |a PE1137 |b Fatas | ||
| 091 | |a Microfilm 2831 | ||
| 093 | |a PE1137 |b Fatas | ||
| 100 | 0 | 0 | |a Fatimah Adelina Sastrawidjaja. |
| 245 | 1 | 0 | |a Mother tongue interference in native BM speakers of English / |c by Fatimah Adelina Sastrawidjaja. |
| 260 | |c 1989. | ||
| 300 | |a xi, 140 leaves ; |c 30 cm. | ||
| 500 | |a Title on cover : Mother-tongue interference in the English of native Bahasa Malaysia speakers. | ||
| 500 | |a Also available on microfilm. Kuala Lumpur : Perpustakaan Universiti Malaya, 1994. 1 reel : negative ; 35 mm. | ||
| 500 | |a Refer Microfilm 2827 | ||
| 502 | |a Dissertation (M.M.L.S.) -- Pusat Bahasa, Universiti Malaya, 1990. | ||
| 504 | |a Bibliography: leaves 138-140. | ||
| 650 | 0 | |a Contrastive linguistics. | |
| 650 | 0 | |a English language |x Pronunciation by foreign speakers. | |
| 650 | 0 | |a English language |x Study and teaching |x Malay speakers. | |
| 740 | 0 | 0 | |a Mother-tongue interference in the English of native Bahasa Malaysia speakers. |
| 948 | |a 06/01/1992 |b 11/09/2002 | ||
| 596 | |a 1 6 | ||
| 999 | |a PE1137 FATAS |w LC |c 1 |i A504253114 |d 16/10/2017 |e 16/10/2017 |l STACKS |m P01UTAMA |n 54 |r Y |s Y |t TESIS |u 20/1/1992 | ||
| 999 | |a PE1137 FATAS PHOTOCOPY |w LC |c 1 |i A500539331 |d 30/9/2013 |e 30/9/2013 |l STACKS |m P06BAHASA |n 4 |r Y |s Y |t TESIS |u 21/8/1995 | ||
